| 000 | 00655nam a2200205 i 4500 | ||
|---|---|---|---|
| 001 | 142618 | ||
| 003 | ES-MaACL | ||
| 005 | 20230906200556.0 | ||
| 007 | t| | ||
| 008 | 071009s1976 sp ||||1| spa d | ||
| 080 | _a32:92(46)(049.3) | ||
| 080 | _a92(46):32(049.3) | ||
| 100 | 1 |
_aVilar, Sergio. _9114802 |
|
| 245 | 1 | 3 |
_aLa oposición a la dictadura _b: protagonistas de la España democrática / _cSergio Vilar. |
| 260 |
_aBarcelona : _bAymá, _c1976. |
||
| 300 |
_a708 p. ; _c21 cm. |
||
| 650 | 1 | 4 |
_aPolíticos- _zEspaña- _vEntrevistas. _916314 |
| 651 | 4 |
_aEspaña- _xHistoria- _y1939-1975, Dictadura. _9167928 |
|
| 852 |
_aES-MaACL _jA-6549 _bR.95292 |
||
| 999 |
_c142618 _d142618 |
||